Reason and revelation in Hegel : metaphysical dimensions of the absolute /

"Hegel's metaphysics must be presented as the twin agencies of human reason and absolute revelation. The manuscript systematically works out the reciprocal complicity between absolute and human agency. This is a perfectly defensible and indeed a much needed interpretation of Hegel's o...

Full description

Bibliographic Details
Main Author: Reid, Jeffrey (Author)
Format: Book
Language:English
Published: Toronto ; Buffalo ; London : University of Toronto Press, [2025]
Subjects:

MARC

Tag First Indicator Second Indicator Subfields
LEADER 00000cam a2200000 i 4500
001 in00005777003
003 OCoLC
005 20260316153444.0
007 ta
008 250224s2025 onc b 001 0 eng
024 8 |a 40033097992 
040 |a NLC  |b eng  |e rda  |c NLC  |d NLC  |d OCLCO  |d BDX  |d YDX  |d UKMGB  |d OCLCO  |d YDX 
019 |a 1565150225 
020 |a 9781487563646  |q hardcover 
020 |a 1487563647  |q hardcover 
035 |a (OCoLC)1501345156  |z (OCoLC)1565150225 
042 |a lac 
050 4 |a B2948  |b .R45 2025 
055 0 |a B2948  |b .R458 2025 
082 0 4 |a 193  |2 23/eng/20260316 
082 0 4 |a 193  |q CaOONL  |2 23/eng/20250224 
084 |a cci1icc  |2 lacc 
100 1 |a Reid, Jeffrey,  |e author  |1 https://id.oclc.org/worldcat/entity/E39PCjJgPxd3rtxWfQrqbfD44q 
245 1 0 |a Reason and revelation in Hegel :  |b metaphysical dimensions of the absolute /  |c Jeffrey Reid. 
264 1 |a Toronto ;  |a Buffalo ;  |a London :  |b University of Toronto Press,  |c [2025] 
300 |a viii, 232 pages ;  |c 24 cm 
336 |a text  |b txt  |2 rdacontent 
337 |a unmediated  |b n  |2 rdamedia 
338 |a volume  |b nc  |2 rdacarrier 
504 |a Includes bibliographical references and index. 
505 0 |a Reason and Revelation: The Limits of Worldly Actuality -- Absolute Selfhood and the Otherness of Nature -- Comets, Moons, and the Voices of Nature -- History and the Absolute Now -- Knowledge of God and the Perils of Insight -- Overcoming Understanding: The Language of Representation -- The Death of God and the Beautiful Finitude of Art -- The Hermeneutics of Worship -- Philosophy and Its Scientific Conclusion (Schluss) -- Organic Systematicity and Its Excremental Challenge -- Reason, Revelation, and the Big Bang -- Absolute Music and Meaningfulness. 
520 |a "Hegel's metaphysics must be presented as the twin agencies of human reason and absolute revelation. The manuscript systematically works out the reciprocal complicity between absolute and human agency. This is a perfectly defensible and indeed a much needed interpretation of Hegel's overall philosophy. The author admirably applies this thesis to many particular aspects of Hegel's system, with some unique analyses, especially in the Philosophy of Nature, and with applications to contemporary science and speculations as to the origin of the universe."--  |c Provided by publisher. 
530 |a Issued also in electronic format. 
600 1 0 |a Hegel, Georg Wilhelm Friedrich,  |d 1770-1831  |x Criticism and interpretation. 
650 0 |a Reason. 
650 0 |a Revelation. 
650 0 |a Absolute, The. 
650 6 |a Raison.  |0 (CaQQLa)201-0005421 
650 6 |a Révélation.  |0 (CaQQLa)201-0018136 
650 6 |a Absolu (Philosophie)  |0 (CaQQLa)201-0055693 
650 7 |a reason.  |2 aat  |0 (CStmoGRI)aat300055194 
650 7 |a Absolute, The  |2 fast  |0 (OCoLC)fst00794721 
776 0 8 |i Online version:  |a Reid, Jeffrey.  |t Reason and revelation in Hegel.  |d Toronto ; Buffalo ; London : University of Toronto Press, 2025.  |z 1487563655  |z 9781487563653  |w (OCoLC)1501344540 
945 |b 684531 
947 |a A14852273375 
980 |b print  |c 40033097992  |f NONFIC/B  |g 565714  |k USD  |m 56.00  |q 1  |s AcqMono Conventional  |t Approval plan  |u Vendor order reference number  |v ZYBP  |y Print approval  |z Physical resource 
999 f f |i 3bc8e278-fcd6-4063-9ddd-68777092ebfe  |s 640d097f-213b-4bab-9b18-48d53560a1bc  |t 0 
952 f f |p normal  |a Texas A&M University  |b College Station  |c Sterling C. Evans Library  |s Evans stk  |d Evans: Library Stacks  |t 0  |e B2948 .R45 2025  |h Library of Congress classification  |i unmediated -- volume  |m A14852273375 
998 f f |a B2948 .R45 2025  |t 0  |l Evans: Library Stacks